El aspecto de la guerra / (Record no. 150686)

MARC details
000 -LEADER
campo de control de longitud fija 00642nam a2200193 i 4500
001 - NÚMERO DE CONTROL
campo de control 150686
003 - IDENTIFICADOR DE NÚMERO DE CONTROL
campo de control ES-MaACL
005 - FECHA Y HORA DE LA ÚLTIMA TRANSACCIÓN
campo de control 20250921063034.0
007 - CAMPO FIJO DE DESCRIPCIÓN FÍSICA--INFORMACIÓN GENERAL
campo de control de longitud fija t|
008 - DATOS DE LONGITUD FIJA--INFORMACIÓN GENERAL
campo de control de longitud fija 071106s1915 xxk ||||1| spa d
100 1# - ENTRADA PRINCIPAL--NOMBRE DE PERSONA
Nombre de persona Doyle, Arthur Conan,
Títulos y otros términos asociados al nombre Sir,
Fechas asociadas al nombre 1859-1930
9 (RLIN) 45552
245 13 - MENCIÓN DEL TÍTULO
Título El aspecto de la guerra /
Mención de responsabilidad, etc. por Arthur Conan Doyle.
260 ## - PUBLICACIÓN, DISTRIBUCIÓN, ETC.
Lugar de publicación, distribución, etc. Edimburgo, etc. :
Nombre del editor, distribuidor, etc. Thomas Nelson & Sons,
Fecha de publicación, distribución, etc. [1915?]
300 ## - DESCRIPCIÓN FÍSICA
Extensión 20 p. ;
Dimensiones 19 cm.
500 ## - NOTA GENERAL
Nota general El original se publicó en inglés en el Daily Chronicle, 15 October 1915.
650 14 - PUNTO DE ACCESO ADICIONAL DE MATERIA--TÉRMINO DE MATERIA
Término de materia o nombre geográfico como elemento de entrada Guerra mundial, 1914-1918.
9 (RLIN) 13212
852 ## - LOCALIZACIÓN
Ubicación ES-MaACL
Número de control de estantería 1481-F-14
Holdings
Estatus retirado Estado de pérdida Estado de daño No para préstamo Colección Biblioteca de origen Biblioteca actual Ubicación en estantería Fecha de adquisición Fuente de adquisición Total de préstamos Signatura topográfica completa Código de barras Visto por última vez Precio de reemplazo Tipo de ítem Koha
        Colección de folletos Biblioteca del Ateneo de Madrid Biblioteca del Ateneo de Madrid Depósito folletos 17/01/2008     1481-F-14 1157233 23/02/2023 23/02/2023 Folleto